Search the Library Catalogue
| 000 -LEADER | |
|---|---|
| fixed length control field | 01163nam a2200157 a 4500 |
| 008 - FIXED-LENGTH DATA ELEMENTS--GENERAL INFORMATION | |
| fixed length control field | 250923s2025##################000#0#eng## |
| 020 ## - INTERNATIONAL STANDARD BOOK NUMBER | |
| ISBN | 9788121105477 |
| Paper back/Hardbound | hbk |
| 082 04 - DEWEY DECIMAL CLASSIFICATION NUMBER | |
| Classification number | 577.015 |
| Item number | HOF |
| 100 ## - MAIN ENTRY--AUTHOR NAME | |
| Personal name | John Hof |
| 245 10 - TITLE STATEMENT | |
| Title | Spatial Optimization In Ecological Applications |
| Statement of responsibility, etc | john hof |
| 250 ## - EDITION STATEMENT | |
| Edition statement | 1st |
| 260 ## - PUBLICATION, DISTRIBUTION, ETC. (IMPRINT) | |
| Place of publication | Dehra Dun |
| Name of publisher | M/s Bishen Singh Mahendra Pal Singh |
| Year of publication | 2006 |
| 500 ## - GENERAL NOTE | |
| General note | Whether Discussing Habitat Placement for the northern spotted owl or black tailed prairie dog or strategies for controlling exotic pests, this book explains how real world problems can be solved by capturing ecological relationships across a landscape with pragmatic optimization models. Hof and Bevers use linear programming technologies widely available today that make it possible to include many thousands of choice variables and many thousands of constraints and still be confident of being able to solve the problem at hand. The book is organized into four parts: “Simple Proximity Relationships,” “Reaction Diffusion Models,” “Control Models,” and “Using Optimization to Develop Hypotheses About Ecosystems.” |
| 942 ## - ADDED ENTRY ELEMENTS (KOHA) | |
| Koha item type | English Books |
| Withdrawn status | Lost status | Damaged status | Not for loan | Home library | Current library | Shelving location | Date acquired | Full call number | Accession Number | Price effective from | Koha item type |
|---|---|---|---|---|---|---|---|---|---|---|---|
| Anna Centenary Library | Anna Centenary Library | 5TH FLOOR, A WING | 23.09.2025 | 577.015 HOF | 173484 | 23.09.2025 | English Books |